[Event "BCF-chT3Sa 1920 (4NCL)"]
[Site "England"]
[Date "2020.02.08"]
[Round "5.43"]
[White "Truman, Richard G"]
[Black "Shepherd, Paul D"]
[Result "1/2-1/2"]
[WhiteElo "1990"]
[BlackElo "2110"]
[PlyCount "78"]
[EventDate "2019.11.09"]
[EventType "team-tourn"]
[EventRounds "11"]
[EventCountry "ENG"]
[SourceTitle "EXT 2023"]
[Source "ChessBase"]
[SourceDate "2022.10.05"]
[SourceVersion "1"]
[SourceVersionDate "2022.10.05"]
[SourceQuality "1"]
[WhiteTeam "Ashfield"]
[BlackTeam "Surbiton"]
[WhiteTeamCountry "ENG"]
[BlackTeamCountry "ENG"]

1. d4 d5 2. c4 e6 3. Nc3 c5 4. cxd5 exd5 5. Nf3 Nc6 6. g3 Nf6 7. Bg2 Be7 8. 0-0 0-0 9. Bg5 c4 10. Ne5 Be6 11. Nxc6 bxc6 12. Re1 Rb8 13. Qc2 h6 14. Bf4 Bd6 15. Bxd6 Qxd6 16. Na4 Nd7 17. Rad1 f5 18. e3 Qb4 19. b3 Rbc8 20. bxc4 dxc4 21. Rb1 Qd6 22. Red1 Bd5 23. Bf1 Qe6 24. Rbc1 c5 25. dxc5 Ne5 26. Rxd5 Qxd5 27. Bxc4 Nxc4 28. Qxc4 Rfd8 29. Kf1 Kf8 30. Qxd5 Rxd5 31. Ke2 Ke8 32. Rb1 Rc7 33. h4 Kd7 34. Rb8 Kc6 35. Re8 Rdd7 36. Rb8 Rb7 37. Rc8+ Rbc7 38. Rb8 Rb7 39. Rc8+ Rbc7 1/2-1/2

[Event "BCF-chT3Sa 1920 (4NCL)"]
[Site "England"]
[Date "2020.01.11"]
[Round "3.32"]
[White "Shepherd, Paul D"]
[Black "Hadi, Justin"]
[Result "0-1"]
[WhiteElo "2110"]
[BlackElo "1976"]
[PlyCount "114"]
[EventDate "2019.11.09"]
[EventType "team-tourn"]
[EventRounds "11"]
[EventCountry "ENG"]
[SourceTitle "EXT 2023"]
[Source "ChessBase"]
[SourceDate "2022.10.05"]
[SourceVersion "1"]
[SourceVersionDate "2022.10.05"]
[SourceQuality "1"]
[WhiteTeam "Surbiton"]
[BlackTeam "Oxford III"]
[WhiteTeamCountry "ENG"]
[BlackTeamCountry "ENG"]

1. e4 e5 2. Nf3 Nc6 3. Bb5 a6 4. Ba4 Nf6 5. d3 b5 6. Bb3 Bc5 7. c3 Bb7 8. 0-0 0-0 9. a4 h6 10. Re1 d6 11. h3 Re8 12. Nbd2 Ne7 13. Nf1 Ng6 14. Be3 Qd7 15. Kh2 Rab8 16. axb5 axb5 17. g3 Bxe3 18. Nxe3 d5 19. exd5 Nxd5 20. Nxd5 Bxd5 21. Bxd5 Qxd5 22. Qe2 c5 23. Qe4 Rbd8 24. Ra5 Qxd3 25. Qxd3 Rxd3 26. Kg2 e4 27. Ng1 b4 28. Rxc5 bxc3 29. bxc3 Nf8 30. Re3 Rxe3 31. fxe3 Nd7 32. Rc7 Ne5 33. Ne2 Rd8 34. Nd4 Kf8 35. g4 g6 36. Kg3 Nd3 37. Nb3 Rd6 38. Nc5 Nxc5 39. Rxc5 Rf6 40. Rc4 Rf3+ 41. Kg2 Rxe3 42. h4 Ke7 43. Rc6 Rf3 44. Rc4 f5 45. gxf5 gxf5 46. Rc6 Kf7 47. c4 Rc3 48. Rxh6 Rxc4 49. Kg3 e3 50. Kf3 Re4 51. Ke2 f4 52. Rh5 Kg6 53. Rh8 Kg7 54. Rh5 f3+ 55. Ke1 Ra4 56. Kd1 Ra1+ 57. Kc2 e2 0-1

[Event "BCF-chT3S 1617 (4NCL) Demotion pool"]
[Site "England"]
[Date "2017.04.29"]
[Round "9.72"]
[White "Robertson, J Stuart"]
[Black "Shepherd, Paul D"]
[Result "1/2-1/2"]
[WhiteElo "2127"]
[BlackElo "2065"]
[PlyCount "85"]
[EventDate "2016.11.26"]
[EventType "team-tourn"]
[EventRounds "11"]
[EventCountry "ENG"]
[SourceTitle "EXT 2019"]
[Source "ChessBase"]
[SourceDate "2018.10.10"]
[SourceVersion "1"]
[SourceVersionDate "2018.10.10"]
[SourceQuality "1"]
[WhiteTeam "Cambridge University II"]
[BlackTeam "Surbiton"]
[WhiteTeamCountry "ENG"]
[BlackTeamCountry "ENG"]

1. d4 d5 2. c4 e6 3. Nf3 c5 4. cxd5 exd5 5. g3 Nc6 6. Bg2 Nf6 7. 0-0 Be7 8. Bg5 0-0 9. Nc3 c4 10. Ne5 Be6 11. e3 h6 12. Bxf6 Bxf6 13. f4 Ne7 14. g4 g6 15. f5 gxf5 16. gxf5 Nxf5 17. Qg4+ Ng7 18. Qg3 Bh4 19. Qf3 Qg5 20. Nxd5 Bxd5 21. Qxd5 Qxe3+ 22. Kh1 Rad8 23. Qxb7 Rxd4 24. Nd7 Rd8 25. Nb8 Qe8 26. Qxa7 Rd2 27. Nc6 R8d7 28. Qa3 Qe2 29. Qf3 Qxf3 30. Bxf3 Rxb2 31. Rfd1 Rxd1+ 32. Rxd1 Rxa2 33. Rc1 Ra3 34. Be4 c3 35. Ne5 Ne6 36. Nc4 Bg5 37. Rg1 c2 38. Nxa3 c1Q 39. Rxc1 Bxc1 40. Nc4 Kg7 41. Nd6 Bf4 42. Nxf7 Kxf7 43. Bd5 1/2-1/2

[Event "BCF-chT3Sa 1617 (4NCL)"]
[Site "England"]
[Date "2017.02.12"]
[Round "6.41"]
[White "Swanson, Stephen"]
[Black "Shepherd, Paul D"]
[Result "1-0"]
[WhiteElo "2171"]
[BlackElo "2074"]
[PlyCount "101"]
[EventDate "2016.11.26"]
[EventType "team-tourn"]
[EventRounds "11"]
[EventCountry "ENG"]
[SourceTitle "EXT 2019"]
[Source "ChessBase"]
[SourceDate "2018.10.10"]
[SourceVersion "1"]
[SourceVersionDate "2018.10.10"]
[SourceQuality "1"]
[WhiteTeam "Poisoned Pawns"]
[BlackTeam "Surbiton"]
[WhiteTeamCountry "ENG"]
[BlackTeamCountry "ENG"]

1. e4 c5 2. Nf3 e6 3. d3 d5 4. Qe2 Ne7 5. g3 Nbc6 6. Bg2 g6 7. 0-0 Bg7 8. c3 b6 9. e5 h6 10. h4 Qc7 11. Re1 Ba6 12. Bf4 g5 13. hxg5 Ng6 14. Qd2 hxg5 15. Bxg5 Ncxe5 16. Nxe5 Bxe5 17. f4 f6 18. Bxf6 Bxf6 19. Rxe6+ Kf7 20. Bxd5 Kg7 21. Qg2 Rad8 22. Be4 Bc8 23. Rc6 Qe7 24. Nd2 Bb7 25. Rxf6 Kxf6 26. Bxb7 Qe3+ 27. Qf2 Qxd3 28. Ne4+ Kg7 29. f5 Ne5 30. f6+ Kg6 31. Rf1 Qd7 32. Qf4 Rh5 33. f7 Qxf7 34. Nf6 Qxb7 35. Nxh5 Qe7 36. Qf5+ Kh6 37. Nf6 Rh8 38. Kg2 Ng6 39. Rh1+ Kg7 40. Rxh8 Qe2+ 41. Qf2 Qxf2+ 42. Kxf2 Nxh8 43. Ne8+ Kf8 44. Nd6 a6 45. Nc4 b5 46. Ne5 Ke7 47. Ke3 Ke6 48. Ke4 a5 49. b3 a4 50. bxa4 bxa4 51. c4 1-0

[Event "BCF-chT3Sa 1617 (4NCL)"]
[Site "England"]
[Date "2016.11.26"]
[Round "1.13"]
[White "Martin, Lewis"]
[Black "Shepherd, Paul D"]
[Result "1-0"]
[WhiteElo "2095"]
[BlackElo "2072"]
[PlyCount "81"]
[EventDate "2016.11.26"]
[EventType "team-tourn"]
[EventRounds "11"]
[EventCountry "ENG"]
[SourceTitle "EXT 2019"]
[Source "ChessBase"]
[SourceDate "2018.10.10"]
[SourceVersion "1"]
[SourceVersionDate "2018.10.10"]
[SourceQuality "1"]
[WhiteTeam "Brown Jack"]
[BlackTeam "Surbiton"]
[WhiteTeamCountry "ENG"]
[BlackTeamCountry "ENG"]

1. d4 d5 2. Nf3 c5 3. dxc5 e6 4. e4 Bxc5 5. Nc3 d4 6. Nb5 a6 7. Nbxd4 e5 8. Nb3 Bxf2+ 9. Ke2 Qxd1+ 10. Kxd1 Nc6 11. Bc4 Nf6 12. Bd5 Bd7 13. Bg5 Rd8 14. Rf1 Ba7 15. c4 0-0 16. a3 Rfe8 17. Bxf6 gxf6 18. Nh4 Be3 19. Kc2 Bg5 20. Nf3 Be6 21. Nc5 Re7 22. Rae1 Bc8 23. b4 Nb8 24. Nd3 Be6 25. Ndxe5 Bxd5 26. exd5 fxe5 27. Nxg5 b5 28. cxb5 axb5 29. Ne4 Rc7+ 30. Kb3 Nd7 31. Rc1 Rxc1 32. Rxc1 Nb6 33. Rc5 f5 34. Nc3 Nc4 35. Rxb5 Nd6 36. Rc5 e4 37. Kc2 f4 38. Kd2 e3+ 39. Ke2 Nf5 40. Rc4 Nh4 41. Rxf4 1-0

[Event "BCF-chT3Sd 1516 (4NCL)"]
[Site "England"]
[Date "2016.05.01"]
[Round "10.99"]
[White "Shepherd, Paul D"]
[Black "Piper, Stephen J"]
[Result "0-1"]
[WhiteElo "2081"]
[BlackElo "2034"]
[PlyCount "52"]
[EventDate "2016.03.20"]
[EventType "team-swiss"]
[EventRounds "11"]
[EventCountry "ENG"]
[SourceTitle "EXT 2017"]
[Source "ChessBase"]
[SourceDate "2016.10.25"]
[SourceVersion "1"]
[SourceVersionDate "2016.10.25"]
[SourceQuality "1"]
[WhiteTeam "Surbiton"]
[BlackTeam "The Rookies"]
[WhiteTeamCountry "ENG"]
[BlackTeamCountry "ENG"]

1. e4 g6 2. d4 Bg7 3. Nc3 d6 4. f4 a6 5. Nf3 Nd7 6. Bd3 c5 7. Be3 cxd4 8. Nxd4 Ngf6 9. 0-0 0-0 10. h3 Nc5 11. Nf3 Nxd3 12. cxd3 b5 13. Qe1 b4 14. Ne2 a5 15. f5 e6 16. Qh4 exf5 17. exf5 Nd5 18. Ng5 h6 19. fxg6 Nxe3 20. gxf7+ Kh8 21. Qe4 Qxg5 22. Nf4 Bf5 23. Qxe3 Rxf7 24. Rae1 Raf8 25. Qb6 Bh7 26. Qxd6 Rxf4 0-1

[Event "BCF-chT3 1415 (4NCL)"]
[Site "England"]
[Date "2015.03.22"]
[Round "8.90"]
[White "Hughes, Roy"]
[Black "Shepherd, Paul D"]
[Result "1/2-1/2"]
[WhiteElo "2005"]
[BlackElo "2103"]
[PlyCount "36"]
[EventDate "2015.03.21"]
[EventType "team-swiss"]
[EventRounds "11"]
[EventCountry "ENG"]
[SourceTitle "EXT 2016"]
[Source "ChessBase"]
[SourceDate "2015.10.08"]
[SourceVersion "1"]
[SourceVersionDate "2015.10.08"]
[SourceQuality "1"]
[WhiteTeam "Broadland Bitterns"]
[BlackTeam "Surbiton"]
[WhiteTeamCountry "ENG"]
[BlackTeamCountry "ENG"]

1. d4 d5 2. Bf4 c5 3. e3 Nc6 4. Nc3 cxd4 5. exd4 Bf5 6. Bd3 Bxd3 7. Qxd3 Nf6 8. Nf3 e6 9. 0-0 Bd6 10. Bg5 0-0 11. Rad1 h6 12. Rc1 a6 13. a3 Qc7 14. Ne2 Na5 15. Ng3 Rac8 16. c3 Nc4 17. Rfe1 b5 18. Nd2 Bf4 1/2-1/2

[Event "BCF-chT3S 1415 (4NCL)"]
[Site "England"]
[Date "2015.02.15"]
[Round "6.146"]
[White "Shepherd, Paul D"]
[Black "Fletcher, John T"]
[Result "0-1"]
[WhiteElo "2043"]
[BlackElo "2053"]
[PlyCount "88"]
[EventDate "2014.11.15"]
[EventType "team-swiss"]
[EventRounds "6"]
[EventCountry "ENG"]
[SourceTitle "EXT 2016"]
[Source "ChessBase"]
[SourceDate "2015.10.08"]
[SourceVersion "1"]
[SourceVersionDate "2015.10.08"]
[SourceQuality "1"]
[WhiteTeam "Surbiton"]
[BlackTeam "The Full Ponty"]
[WhiteTeamCountry "ENG"]
[BlackTeamCountry "ENG"]

1. e4 c5 2. Nc3 Nc6 3. g3 g6 4. Bg2 Bg7 5. d3 d6 6. Be3 Nf6 7. h3 e5 8. Qd2 Nd4 9. Nd1 d5 10. c3 Ne6 11. exd5 Nxd5 12. Bh6 Ndf4 13. Bxg7 Nxg2+ 14. Kf1 Nxg7 15. Kxg2 b6 16. Ne3 Bb7+ 17. f3 0-0 18. Rd1 Qd6 19. d4 exd4 20. cxd4 Nh5 21. Ne2 Rad8 22. d5 Ba6 23. f4 g5 24. Rhf1 gxf4 25. Nxf4 Bxf1+ 26. Rxf1 Nxf4+ 27. Rxf4 f6 28. Rg4+ Kh8 29. Rg7 Qe5 30. Rxa7 f5 31. Qd3 Qxb2+ 32. Kf3 Qd4 33. Ra3 Qe4+ 34. Ke2 Qxd3+ 35. Kxd3 f4 36. gxf4 Rxf4 37. Ra6 b5 38. Rb6 Rd4+ 39. Ke2 Re8 40. Kf3 Rd3 41. Re6 Rxe6 42. dxe6 Kg7 43. Ke4 Rxe3+ 44. Kxe3 Kf6 0-1